| 000 | 00602nam a22002057a 4500 | ||
|---|---|---|---|
| 003 | BUBTL | ||
| 008 | 170714b xxu||||| |||| 00| 0 eng d | ||
| 082 |
_a658.8 _bZ372s |
||
| 100 |
_91266 _aZeithaml Valaeie A . |
||
| 245 |
_aServices Marketing / _cZeithaml Valaeie A . |
||
| 250 | _a6th | ||
| 260 |
_aNew york _bMc Graw Hill _c2006 |
||
| 300 |
_axxii, 708p. : _bill, Chart, Graph. _cMarketing |
||
| 500 | _aIncludes Index. | ||
| 650 | 0 |
_91269 _aServices Marketing. |
|
| 700 |
_91268 _aZeithaml Valaeie A . |
||
| 856 |
_k0 _l0 _yDownload |
||
| 942 |
_2ddc _cBK _e6th |
||
| 999 |
_c5482 _d5482 |
||